[Event "Tidlig Kort Paaske 1"]
[Site "Svendborg"]
[Date "2016.03.19"]
[Round "1"]
[White "Lund, Gunnar"]
[Black "Nielsen, Henning"]
[Result "1-0"]
[WhiteElo "1878"]
[BlackElo "2076"]
[PlyCount "53"]
[EventDate "2016.03.19"]
[EventType "swiss"]
[EventRounds "5"]
[EventCountry "DEN"]

1. e4 e5 2. Nf3 Nc6 3. Bc4 Nf6 4. d3 Be7 5. c3 d6 6. Nbd2 O-O 7. Nf1 Na5 8. Bb5
a6 9. Ba4 b5 10. Bc2 c5 11. Ng3 Qc7 12. Qe2 Re8 13. O-O Nc6 14. h3 d5 15. Bg5
Be6 16. Rfe1 d4 17. Nf5 Bxf5 18. exf5 Nd5 19. Bb3 Rad8 20. Bxd5 Rxd5 21. Qe4
Rdd8 22. Bxe7 Rxe7 23. Ng5 Red7 24. f6 g6 25. Nxh7 dxc3 26. Qh4 Nd4 27. Ng5 1-0

[Event "Tidlig Kort Paaske 1"]
[Site "Svendborg"]
[Date "2016.03.19"]
[Round "1"]
[White "Nielsen, Thorkild Borup"]
[Black "Jensen, Jakob"]
[Result "1-0"]
[WhiteElo "2028"]
[BlackElo "1863"]
[PlyCount "75"]
[EventDate "2016.03.19"]
[EventType "swiss"]
[EventRounds "5"]
[EventCountry "DEN"]

1. d4 d5 2. c4 e5 3. dxe5 d4 4. Nf3 Nc6 5. a3 Be6 6. Nbd2 Qd7 7. b4 Nge7 8. Bb2
Ng6 9. Nb3 Bxc4 10. Nbxd4 Ncxe5 11. Qc2 Nxf3+ 12. Nxf3 Be6 13. Rd1 Qe7 14. e3
Rd8 15. Rxd8+ Qxd8 16. Be2 f6 17. O-O Be7 18. Nd4 Bf7 19. Rd1 Qc8 20. Nf5 O-O
21. Nxe7+ Nxe7 22. Qc5 Re8 23. Qxa7 Bb3 24. Rd2 b6 25. Bf3 Qf5 26. e4 Qf4 27.
Rd3 Nc6 28. Qb7 Ba4 29. g3 Qg5 30. Qxc7 Ne5 31. Bxe5 fxe5 32. Qc4+ Kh8 33. b5
Ra8 34. Qc6 Rf8 35. Kg2 h6 36. Qxb6 Bc2 37. Qc5 Rxf3 38. Qxc2 1-0

[Event "Tidlig Kort Paaske 1"]
[Site "Svendborg"]
[Date "2016.03.19"]
[Round "1"]
[White "Balslev, Uffe"]
[Black "Davidsen, Niels Chr"]
[Result "0-1"]
[WhiteElo "1804"]
[BlackElo "2004"]
[PlyCount "108"]
[EventDate "2016.03.19"]
[EventType "swiss"]
[EventRounds "5"]
[EventCountry "DEN"]

1. d4 e6 2. c4 c5 3. d5 d6 4. e4 Nf6 5. Nc3 Be7 6. Bd3 e5 7. Nge2 O-O 8. h3 a6
9. Qc2 Nbd7 10. g4 Ne8 11. Ng3 g6 12. Be3 Rb8 13. O-O-O Nc7 14. Rdg1 b5 15. h4
bxc4 16. Bxc4 Nb5 17. Bxb5 axb5 18. Bh6 c4 19. Bxf8 Bxf8 20. a3 Nc5 21. Na2
Nd3+ 22. Kb1 Bxg4 23. h5 Bf3 24. hxg6 fxg6 25. Rh2 Bg7 26. Nb4 Nxb4 27. axb4
Ra8 28. Qc3 Bg4 29. f3 Bc8 30. Nf1 Qf8 31. Qe3 Ra4 32. Qc3 Bd7 33. Nd2 Qa8 34.
Kc2 Ra2 35. Rb1 Qa4+ 36. Kc1 Qa7 37. Kc2 Bf6 38. Rbh1 h5 39. Rg2 Kh7 40. Nb1
Bd8 41. Na3 Bb6 42. Kb1 Bd4 43. Qc1 Bxb2 44. Rxb2 Rxa3 45. Kc2 Qa4+ 46. Kd2 c3+
47. Ke2 cxb2 48. Qc7 Qa7 49. Qxa7 Rxa7 50. Rb1 Ra2 51. Kd2 h4 52. Kc2 h3 53.
Kb3 Ra1 54. Rxb2 Rf1 0-1

[Event "Tidlig Kort Paaske 1"]
[Site "Svendborg"]
[Date "2016.03.19"]
[Round "1"]
[White "Bronnum, Jan"]
[Black "Olsen, Birger"]
[Result "1-0"]
[WhiteElo "2001"]
[BlackElo "1830"]
[PlyCount "75"]
[EventDate "2016.03.19"]
[EventType "swiss"]
[EventRounds "5"]
[EventCountry "DEN"]

1. d4 Nf6 2. Nf3 d6 3. Bf4 g6 4. e3 Bg7 5. h3 Nbd7 6. Be2 O-O 7. c4 c5 8. Nc3
cxd4 9. exd4 Nh5 10. Bh2 Qb6 11. Nd5 Qa5+ 12. b4 Qd8 13. O-O Nhf6 14. Nc3 Nb6
15. Bd3 Bd7 16. Qe2 Rc8 17. Rfe1 Re8 18. a3 Be6 19. d5 Bxd5 20. Nxd5 Nfxd5 21.
cxd5 Bxa1 22. Rxa1 Nxd5 23. Bc4 e6 24. Bxd5 exd5 25. Qd2 Qf6 26. Rd1 Qf5 27.
Bg3 Rc2 28. Qxd5 Rc1 29. Qxd6 Qc2 30. Rxc1 Qxc1+ 31. Kh2 Qxa3 32. Qd7 Ra8 33.
Qe7 Qa6 34. Bd6 Qc4 35. Qxb7 Rc8 36. Ng5 Rd8 37. Qe7 Rc8 38. Be5 1-0

[Event "Tidlig Kort Paaske 1"]
[Site "Svendborg"]
[Date "2016.03.19"]
[Round "1"]
[White "Nielsen, Jorgen Holmstrom"]
[Black "Nielsen, Aage Sondergaard"]
[Result "0-1"]
[WhiteElo "1820"]
[BlackElo "1938"]
[PlyCount "130"]
[EventDate "2016.03.19"]
[EventType "swiss"]
[EventRounds "5"]
[EventCountry "DEN"]

1. Nc3 e5 2. Nf3 Nc6 3. d4 exd4 4. Nxd4 Bc5 5. Nb3 Bb6 6. Nd5 Nge7 7. Nxb6 axb6
8. Bg5 h6 9. Bd2 d5 10. e3 Bf5 11. Bc3 O-O 12. Bd3 Qd7 13. O-O Rfe8 14. Qf3 Ra4
15. Bxf5 Qxf5 16. Qxf5 Nxf5 17. a3 Rg4 18. Rad1 Nce7 19. Nd4 Nd6 20. Nf3 f6 21.
h3 Re4 22. Rd4 c5 23. Rd3 Kf7 24. Rfd1 Ke6 25. b3 Kd7 26. Bb2 b5 27. Nd2 Re6
28. Nf3 Kc7 29. Kf1 g5 30. Nh2 h5 31. g4 h4 32. f3 Rd8 33. Kf2 Kc6 34. Nf1 b6
35. Nd2 Re8 36. e4 d4 37. c3 dxc3 38. Bxc3 Ng6 39. Rh1 Nf4 40. Re3 f5 41. e5
fxg4 42. fxg4 Nd5 43. Rd3 Nxc3 44. Rxc3 Rxe5 45. Rd3 Rf8+ 46. Rf3 Rfe8 47. Rd1
Rd8 48. Rf6 Kc7 49. Re1 Rxe1 50. Kxe1 c4 51. bxc4 bxc4 52. Rf3 b5 53. Rc3 Re8+
54. Kd1 Ne4 55. Nxe4 Rxe4 56. Rf3 Rf4 57. Re3 Kd6 58. Kc2 Kd5 59. Kc3 Re4 60.
Rf3 Re5 61. Kb4 Kd4 62. Rf1 Re3 63. Rf5 Rb3+ 64. Ka5 c3 65. Rxg5 c2 0-1

[Event "Tidlig Kort Paaske 1"]
[Site "Svendborg"]
[Date "2016.03.19"]
[Round "1"]
[White "Vestby Ellingsen, Mads"]
[Black "Velarde, Andrew"]
[Result "1-0"]
[WhiteElo "1947"]
[BlackElo "1815"]
[PlyCount "81"]
[EventDate "2016.03.19"]
[EventType "swiss"]
[EventRounds "5"]
[EventCountry "DEN"]

1. d4 Nf6 2. Nf3 d5 3. e3 c5 4. Bd3 Nc6 5. b3 Bg4 6. Nbd2 cxd4 7. exd4 Nxd4 8.
Bb2 Qb6 9. Bxd4 Qb4 10. c3 Qd6 11. h3 Bh5 12. Qe2 Nd7 13. g4 Bg6 14. Bxg6 hxg6
15. Ne5 Nxe5 16. Bxe5 Qc6 17. Bd4 f6 18. f4 O-O-O 19. f5 e5 20. fxe6 Ba3 21.
Kf2 Rde8 22. Rae1 Re7 23. c4 Kb8 24. Qf3 Bc5 25. Bxc5 Qxc5+ 26. Qe3 d4 27. Qd3
f5 28. g5 Qc7 29. Nf3 Rd8 30. Re5 Qd6 31. Rd5 Qb6 32. Rxd8+ Qxd8 33. Qxd4 Qe8
34. Re1 a6 35. Qd6+ Ka7 36. Nd4 f4 37. c5 Qh8 38. Qxe7 Qh4+ 39. Ke2 f3+ 40. Kd3
Qh8 41. c6 1-0

[Event "Tidlig Kort Paaske 1"]
[Site "Svendborg"]
[Date "2016.03.19"]
[Round "1"]
[White "Hansen, Erik"]
[Black "Mott, Jens"]
[Result "1-0"]
[WhiteElo "1813"]
[BlackElo "1929"]
[PlyCount "73"]
[EventDate "2016.03.19"]
[EventType "swiss"]
[EventRounds "5"]
[EventCountry "DEN"]

1. e4 e6 2. d4 d5 3. Nc3 Bb4 4. e5 c5 5. a3 Ba5 6. Bb5+ Bd7 7. Bxd7+ Qxd7 8.
Nge2 Nc6 9. Bf4 cxd4 10. Nxd4 Bxc3+ 11. bxc3 Na5 12. Rb1 Ne7 13. O-O Nc4 14.
Rb3 Ng6 15. Qg4 a6 16. Rfb1 Rb8 17. Re1 Rc8 18. h4 Nxf4 19. Qxf4 h6 20. Qg4 g6
21. Qf4 Qe7 22. Reb1 Rc7 23. Nc6 Qd7 24. Nb8 Qa4 25. Rxb7 Rxb7 26. Rxb7 O-O 27.
Nd7 Nb6 28. Qxa4 Nxa4 29. Nxf8 Kxf8 30. Ra7 Nxc3 31. Rxa6 Ne2+ 32. Kf1 Nd4 33.
a4 Nxc2 34. a5 Nb4 35. Rb6 Nd3 36. a6 Nxe5 37. a7 1-0

[Event "Tidlig Kort Paaske 1"]
[Site "Svendborg"]
[Date "2016.03.20"]
[Round "2"]
[White "Nielsen, Aage Sondergaard"]
[Black "Nielsen, Thorkild Borup"]
[Result "1/2-1/2"]
[WhiteElo "1938"]
[BlackElo "2028"]
[PlyCount "117"]
[EventDate "2016.03.19"]
[EventType "swiss"]
[EventRounds "5"]
[EventCountry "DEN"]

1. e4 c6 2. c4 d5 3. cxd5 cxd5 4. exd5 Nf6 5. Nc3 Nxd5 6. Nf3 e6 7. Bc4 Nb6 8.
Bb3 Nc6 9. O-O Be7 10. d4 O-O 11. Bf4 Nb4 12. Re1 N4d5 13. Bg3 Nf6 14. Ne5 Nbd5
15. Rc1 Bd7 16. Nxd5 exd5 17. Nxd7 Nxd7 18. Bc7 Qe8 19. Bd6 Bxd6 20. Rxe8 Raxe8
21. Bxd5 b6 22. g3 Nf6 23. Bf3 Rd8 24. Qa4 Bb8 25. Kg2 h6 26. h4 Rd6 27. Rd1
Rfd8 28. Qc2 Nd5 29. a3 g6 30. h5 Kg7 31. hxg6 fxg6 32. Qe4 R6d7 33. Qc2 Rd6
34. Re1 R8d7 35. Qb3 Nf6 36. Rd1 Rxd4 37. Rxd4 Rxd4 38. Qe6 Rd7 39. Bc6 Rf7 40.
b4 h5 41. a4 Rf8 42. f3 Rf7 43. Bb5 Rc7 44. Bc6 Rf7 45. b5 Bc7 46. g4 hxg4 47.
fxg4 Bb8 48. Bf3 Bf4 49. Be2 Rc7 50. Kf3 g5 51. Bd3 Nd7 52. Qe7+ Kg8 53. Qe6+
Kf8 54. Qh6+ Ke7 55. Bf5 Ne5+ 56. Kg2 Nc4 57. Qg7+ Kd6 58. Qd4+ Ke7 59. Qg7+
1/2-1/2

[Event "Tidlig Kort Paaske 1"]
[Site "Svendborg"]
[Date "2016.03.20"]
[Round "2"]
[White "Davidsen, Niels Chr"]
[Black "Vestby Ellingsen, Mads"]
[Result "0-1"]
[WhiteElo "2004"]
[BlackElo "1947"]
[PlyCount "58"]
[EventDate "2016.03.19"]
[EventType "swiss"]
[EventRounds "5"]
[EventCountry "DEN"]

1. e4 e5 2. Nf3 Nc6 3. Bc4 Bc5 4. b4 Bxb4 5. c3 Ba5 6. d4 exd4 7. O-O Bb6 8.
cxd4 d6 9. Bb2 Bg4 10. Qd3 Bxf3 11. gxf3 Qf6 12. Rd1 Nge7 13. e5 dxe5 14. dxe5
Qg5+ 15. Kh1 Rd8 16. Rg1 Rxd3 17. Rxg5 Rxf3 18. e6 f6 19. Rxg7 Rxf2 20. Bc3 Nf5
21. Rd7 Rg8 22. Na3 Rgg2 23. Rxh7 Rxh2+ 24. Rxh2 Ng3+ 25. Kg1 Rb2+ 26. Rf2 Rxf2
27. Nb5 Rc2+ 28. Nd4 Nxd4 29. Bxd4 Bxd4# 0-1

[Event "Tidlig Kort Paaske 1"]
[Site "Svendborg"]
[Date "2016.03.20"]
[Round "2"]
[White "Jensen, Jakob"]
[Black "Nielsen, Jorgen Holmstrom"]
[Result "1-0"]
[WhiteElo "1863"]
[BlackElo "1820"]
[PlyCount "139"]
[EventDate "2016.03.19"]
[EventType "swiss"]
[EventRounds "5"]
[EventCountry "DEN"]

1. d4 Nf6 2. Nf3 e6 3. e3 Be7 4. Bd3 b6 5. Nbd2 Bb7 6. O-O d6 7. Re1 Nbd7 8. c3
c5 9. h3 a6 10. Bc2 O-O 11. e4 e5 12. dxe5 Nxe5 13. Nxe5 dxe5 14. Qe2 b5 15. b3
Qb6 16. c4 Ne8 17. Qg4 Bc8 18. Qg3 Nc7 19. Bb2 f6 20. Rad1 Ne6 21. Qe3 Nd4 22.
Bb1 Be6 23. Rc1 b4 24. Kh1 a5 25. f4 exf4 26. Qxf4 Bd6 27. Qf2 Be5 28. Nf1 Rad8
29. Ne3 g6 30. Nd5 Qd6 31. Rf1 Bg3 32. Qe3 Bh4 33. Rcd1 Bg5 34. Qd3 f5 35. Bxd4
fxe4 36. Rxf8+ Rxf8 37. Qxe4 cxd4 38. Qxd4 Rd8 39. Nf6+ Bxf6 40. Qxd6 Rxd6 41.
Rxd6 Kf7 42. Ra6 Bd8 43. Ra7+ Kf6 44. Rxh7 Bf7 45. Rh8 Ke7 46. Rh4 g5 47. Rh6
Be6 48. Rh7+ Kd6 49. Kg1 Ke5 50. Kf1 Kf4 51. Rh8 Bc7 52. Rf8+ Ke5 53. Ke2 Kd6
54. Ra8 Kc5 55. Be4 Kd4 56. Bf3 Bf5 57. Ra7 Bb6 58. Rb7 Bd8 59. Kd1 Kc3 60. c5
Kb2 61. c6 Kxa2 62. Bd5 Kb2 63. c7 Bc2+ 64. Kd2 Bxc7 65. Rxc7 Bxb3 66. Bxb3
Kxb3 67. Kc1 a4 68. Kb1 a3 69. Ra7 Kc4 70. g3 1-0

[Event "Tidlig Kort Paaske 1"]
[Site "Svendborg"]
[Date "2016.03.20"]
[Round "2"]
[White "Nielsen, Henning"]
[Black "Hansen, Erik"]
[Result "1-0"]
[WhiteElo "2076"]
[BlackElo "1813"]
[PlyCount "77"]
[EventDate "2016.03.19"]
[EventType "swiss"]
[EventRounds "5"]
[EventCountry "DEN"]

1. e4 c5 2. Nf3 Nc6 3. d4 cxd4 4. Nxd4 e5 5. Nb5 a6 6. Nd6+ Bxd6 7. Qxd6 Qf6 8.
Qa3 Qg6 9. Be3 Qxe4 10. Nc3 Qb4 11. Qxb4 Nxb4 12. O-O-O Ne7 13. a3 Nbc6 14. Bc5
O-O 15. Nd5 d6 16. Nxe7+ Nxe7 17. Bxd6 Re8 18. Bxe7 Bf5 19. Bb4 Rac8 20. Bc3 f6
21. f3 e4 22. fxe4 Bxe4 23. Rg1 Bg6 24. Bd3 Bxd3 25. Rxd3 Re2 26. Rd2 Re6 27.
g4 Rce8 28. Rdg2 Re2 29. h4 R2e4 30. g5 f5 31. h5 f4 32. Rf2 Rf8 33. Rd1 Rf5
34. g6 hxg6 35. hxg6 Kf8 36. Bb4+ Ke8 37. Rh2 f3 38. Rh8+ Rf8 39. Rxf8# 1-0

[Event "Tidlig Kort Paaske 1"]
[Site "Svendborg"]
[Date "2016.03.20"]
[Round "2"]
[White "Mott, Jens"]
[Black "Olsen, Birger"]
[Result "1-0"]
[WhiteElo "1929"]
[BlackElo "1830"]
[PlyCount "89"]
[EventDate "2016.03.19"]
[EventType "swiss"]
[EventRounds "5"]
[EventCountry "DEN"]

1. e4 c5 2. g3 d6 3. Bg2 Nf6 4. d3 Nc6 5. Ne2 g6 6. c3 Bg7 7. f4 Bg4 8. h3 Bxe2
9. Qxe2 Nh5 10. Qf2 e6 11. g4 Nf6 12. Be3 Nd7 13. Nd2 Qb6 14. Nc4 Qc7 15. a4
Na5 16. Nxa5 Qxa5 17. O-O O-O 18. Qd2 Rae8 19. b4 cxb4 20. cxb4 Qd8 21. Ra2 Qb8
22. Rc2 Rc8 23. Rfc1 Rxc2 24. Qxc2 a6 25. a5 Nf6 26. Bb6 d5 27. Qc7 dxe4 28.
dxe4 Qe8 29. Bc5 Qb5 30. Bxf8 Bxf8 31. Qc4 Qxb4 32. Qxb4 Bxb4 33. Rc8+ Kg7 34.
Rb8 Bxa5 35. Rxb7 Bd2 36. Rb2 Bc3 37. Rb3 Bd2 38. Kf2 Nd7 39. Rd3 Bxf4 40. Rxd7
Be5 41. Kf3 a5 42. Ra7 Bc3 43. Bf1 Kf6 44. Rc7 Bb4 45. Bb5 1-0

[Event "Tidlig Kort Paaske 1"]
[Site "Svendborg"]
[Date "2016.03.20"]
[Round "2"]
[White "Lund, Gunnar"]
[Black "Bronnum, Jan"]
[Result "1-0"]
[WhiteElo "1878"]
[BlackElo "2001"]
[PlyCount "97"]
[EventDate "2016.03.19"]
[EventType "swiss"]
[EventRounds "5"]
[EventCountry "DEN"]

1. Nf3 Nf6 2. g3 c5 3. Bg2 Nc6 4. d3 d5 5. O-O e5 6. Nbd2 Be7 7. b3 O-O 8. Bb2
Qc7 9. c4 d4 10. Re1 h6 11. e3 Bf5 12. e4 Be6 13. Nh4 Qd7 14. Nf1 Nh7 15. Bc1
Bxh4 16. gxh4 Qe7 17. h5 Ng5 18. f4 exf4 19. Bxf4 Bh3 20. Ng3 Bxg2 21. Kxg2 Ne6
22. Bd2 Ne5 23. Qe2 Qh4 24. Nf5 Qg4+ 25. Qxg4 Nxg4 26. Kf3 Nf6 27. Ng3 Rae8 28.
h4 Kh7 29. Rf1 g6 30. Ke2 Nd7 31. Rf2 g5 32. Raf1 f6 33. hxg5 hxg5 34. Nf5 Rb8
35. Ne7 Rf7 36. Nd5 Rbf8 37. b4 b6 38. bxc5 bxc5 39. Rf5 Kh6 40. e5 Ng7 41.
Bxg5+ Kxh5 42. Nxf6+ Kg6 43. R5f2 Nxe5 44. Rg1 Re7 45. Bh6+ Ng4+ 46. Kd1 Rxf6
47. Rxg4+ Kh5 48. Rxf6 Kxg4 49. Rg6+ 1-0

[Event "Tidlig Kort Paaske 1"]
[Site "Svendborg"]
[Date "2016.03.20"]
[Round "2"]
[White "Velarde, Andrew"]
[Black "Balslev, Uffe"]
[Result "1/2-1/2"]
[WhiteElo "1815"]
[BlackElo "1804"]
[PlyCount "64"]
[EventDate "2016.03.19"]
[EventType "swiss"]
[EventRounds "5"]
[EventCountry "DEN"]

1. e3 d5 2. Nc3 Nf6 3. Nf3 Bf5 4. d3 e6 5. h4 Bg4 6. Be2 Be7 7. Ne5 Bxe2 8.
Qxe2 Qd6 9. d4 a6 10. Bd2 c5 11. f4 Nc6 12. Nxc6 Qxc6 13. g4 Ne4 14. Nxe4 dxe4
15. O-O-O Qa4 16. Kb1 c4 17. Bc3 Qc6 18. h5 Qd5 19. f5 b5 20. h6 gxh6 21. Rh5
Bg5 22. fxe6 fxe6 23. Rf1 O-O-O 24. Rf7 Rdf8 25. Qf2 Qd6 26. a3 Rxf7 27. Qxf7
Rf8 28. Qxh7 Qc6 29. Bb4 Rf3 30. Qh8+ Kb7 31. Qh7+ Kc8 32. Qh8+ Kb7 1/2-1/2

[Event "Tidlig Kort Paaske 1"]
[Site "Svendborg"]
[Date "2016.03.20"]
[Round "3"]
[White "Vestby Ellingsen, Mads"]
[Black "Lund, Gunnar"]
[Result "1-0"]
[WhiteElo "1947"]
[BlackElo "1878"]
[PlyCount "55"]
[EventDate "2016.03.19"]
[EventType "swiss"]
[EventRounds "5"]
[EventCountry "DEN"]

1. e4 e5 2. Nf3 Nc6 3. Bc4 Bc5 4. c3 Nf6 5. d3 a6 6. Bb3 Ba7 7. Nbd2 d6 8. Nf1
Ng4 9. Ne3 Nxe3 10. fxe3 Be6 11. O-O O-O 12. Bxe6 fxe6 13. Qb3 Qd7 14. Bd2 h6
15. d4 b5 16. a4 Na5 17. Qc2 Nc4 18. b3 Nxd2 19. Qxd2 exd4 20. exd4 e5 21. Kh1
exd4 22. cxd4 Qg4 23. axb5 axb5 24. Qd3 Bb6 25. Rxa8 Rxa8 26. Qxb5 Qxe4 27. Re1
Qc2 28. Qd5+ 1-0

[Event "Tidlig Kort Paaske 1"]
[Site "Svendborg"]
[Date "2016.03.20"]
[Round "3"]
[White "Nielsen, Thorkild Borup"]
[Black "Davidsen, Niels Chr"]
[Result "1-0"]
[WhiteElo "2028"]
[BlackElo "2004"]
[PlyCount "114"]
[EventDate "2016.03.19"]
[EventType "swiss"]
[EventRounds "5"]
[EventCountry "DEN"]

1. d4 e6 2. c4 c5 3. d5 exd5 4. cxd5 d6 5. Nc3 Nf6 6. g3 Be7 7. Bg2 O-O 8. Nf3
Bd7 9. a4 a5 10. O-O Na6 11. Nd2 Nb4 12. Nc4 Rb8 13. Bf4 Ne8 14. e4 f6 15. Re1
b6 16. h3 g5 17. Bc1 Ng7 18. f4 Qc8 19. Kh2 Be8 20. e5 fxe5 21. fxe5 dxe5 22.
Nxe5 Bf6 23. Ng4 Bd8 24. Ne4 h5 25. Ne5 Qf5 26. Nd6 Qc2 27. Nxe8 Qxd1 28. Rxd1
Rxe8 29. Nc6 Nxc6 30. dxc6 Bf6 31. Bf3 Re7 32. Ra3 h4 33. g4 Kf8 34. Rad3 Ne6
35. Rd5 Nd4 36. Kg2 Nxf3 37. Kxf3 Rf7 38. Rf5 Be7 39. Rd7 Rxf5+ 40. gxf5 Rc8
41. Kg4 Rxc6 42. Bxg5 Bf6 43. Bxf6 Rxf6 44. Kg5 Rc6 45. Kxh4 c4 46. Kg5 c3 47.
bxc3 Rxc3 48. h4 Rg3+ 49. Kf6 Kg8 50. Rb7 Rg4 51. h5 Rxa4 52. Rxb6 Rg4 53. Ra6
a4 54. Ra7 Kh8 55. h6 Rb4 56. Kg5 Rb1 57. Rxa4 Rg1+ 1-0

[Event "Tidlig Kort Paaske 1"]
[Site "Svendborg"]
[Date "2016.03.20"]
[Round "3"]
[White "Mott, Jens"]
[Black "Nielsen, Henning"]
[Result "0-1"]
[WhiteElo "1929"]
[BlackElo "2076"]
[PlyCount "72"]
[EventDate "2016.03.19"]
[EventType "swiss"]
[EventRounds "5"]
[EventCountry "DEN"]

1. e4 e5 2. f4 d5 3. exd5 exf4 4. Nf3 Nf6 5. Bc4 Nxd5 6. Bxd5 Qxd5 7. Nc3 Qf5
8. Qe2+ Be7 9. d4 c6 10. O-O Be6 11. Ne5 g5 12. g3 Nd7 13. gxf4 g4 14. Ne4 h5
15. Ng3 Qf6 16. Bd2 h4 17. Ne4 Qf5 18. Rae1 g3 19. Nxf7 gxh2+ 20. Kh1 Qxf7 21.
Nd6+ Bxd6 22. f5 O-O-O 23. fxe6 Qg6 24. exd7+ Rxd7 25. Qe6 Qxe6 26. Rxe6 Rg8
27. Bh6 Rf7 28. Ree1 Rxf1+ 29. Rxf1 h3 30. c3 Rg2 31. Bf4 Rg1+ 32. Kxh2 Rxf1
33. Bxd6 Rf2+ 34. Kxh3 Rxb2 35. Kg4 Rxa2 36. Kf5 Kd7 0-1

[Event "Tidlig Kort Paaske 1"]
[Site "Svendborg"]
[Date "2016.03.20"]
[Round "3"]
[White "Hansen, Erik"]
[Black "Jensen, Jakob"]
[Result "1/2-1/2"]
[WhiteElo "1813"]
[BlackElo "1863"]
[PlyCount "36"]
[EventDate "2016.03.19"]
[EventType "swiss"]
[EventRounds "5"]
[EventCountry "DEN"]

1. e4 c6 2. d4 d5 3. e5 e6 4. f4 c5 5. c3 cxd4 6. cxd4 Nc6 7. Nf3 Bd7 8. a3
Nge7 9. Nc3 a6 10. Bd3 g6 11. O-O b5 12. b4 Qb6 13. Be3 Rc8 14. Ne2 Na7 15. Qe1
Nec6 16. Kh1 a5 17. Bd2 axb4 18. axb4 Be7 1/2-1/2

[Event "Tidlig Kort Paaske 1"]
[Site "Svendborg"]
[Date "2016.03.20"]
[Round "3"]
[White "Olsen, Birger"]
[Black "Balslev, Uffe"]
[Result "1-0"]
[WhiteElo "1830"]
[BlackElo "1804"]
[PlyCount "55"]
[EventDate "2016.03.19"]
[EventType "swiss"]
[EventRounds "5"]
[EventCountry "DEN"]

1. d4 d5 2. c4 c6 3. Nf3 e6 4. Bf4 dxc4 5. e3 b5 6. Nbd2 Bb4 7. Be2 c3 8. bxc3
Bxc3 9. Rc1 Bb4 10. O-O Ne7 11. Qc2 O-O 12. Ne5 a5 13. a4 Bxd2 14. Qxd2 b4 15.
Bf3 Ra6 16. Nxf7 Rxf7 17. Bxb8 Nd5 18. Bxd5 cxd5 19. Rc5 Ra8 20. Be5 Ba6 21.
Rfc1 Bc4 22. e4 Qd7 23. Rc7 Qxa4 24. Rxf7 Kxf7 25. Qg5 Rg8 26. exd5 Ke8 27.
Qh5+ Kf8 28. Bd6# 1-0

[Event "Tidlig Kort Paaske 1"]
[Site "Svendborg"]
[Date "2016.03.20"]
[Round "3"]
[White "Bronnum, Jan"]
[Black "Nielsen, Aage Sondergaard"]
[Result "1-0"]
[WhiteElo "2001"]
[BlackElo "1938"]
[PlyCount "59"]
[EventDate "2016.03.19"]
[EventType "swiss"]
[EventRounds "5"]
[EventCountry "DEN"]

1. d4 f5 2. e4 fxe4 3. Nc3 Nf6 4. Bg5 Nc6 5. d5 Ne5 6. Qd4 d6 7. Nxe4 Bf5 8.
Bxf6 gxf6 9. O-O-O Bh6+ 10. Kb1 Qd7 11. f3 c5 12. dxc6 Nxc6 13. Qa4 Qc7 14. Ne2
Bd7 15. N2c3 Qa5 16. Qb3 Qb4 17. Qd5 f5 18. Nb5 O-O-O 19. c3 Qa5 20. Nexd6+
exd6 21. Nxd6+ Kc7 22. Qxa5+ Nxa5 23. Nf7 Bg7 24. Nxd8 Rxd8 25. Bd3 Nc6 26.
Rhe1 Ne5 27. Bc2 Bf6 28. Rd5 Re8 29. f4 Ng4 30. Rxd7+ 1-0

[Event "Tidlig Kort Paaske 1"]
[Site "Svendborg"]
[Date "2016.03.20"]
[Round "3"]
[White "Nielsen, Jorgen Holmstrom"]
[Black "Velarde, Andrew"]
[Result "1-0"]
[WhiteElo "1820"]
[BlackElo "1815"]
[PlyCount "129"]
[EventDate "2016.03.19"]
[EventType "swiss"]
[EventRounds "5"]
[EventCountry "DEN"]

1. Nc3 d5 2. e4 d4 3. Nce2 Bg4 4. f3 Bh5 5. Ng3 Bg6 6. Bc4 e6 7. d3 Bd6 8. Qe2
Nd7 9. f4 Qe7 10. Nf3 c5 11. Bd2 a6 12. c3 b5 13. Bb3 dxc3 14. Bxc3 f6 15. Bd2
a5 16. O-O a4 17. Bxe6 Qxe6 18. f5 Qf7 19. fxg6 hxg6 20. d4 cxd4 21. Nxd4 Bc5
22. Be3 Rb8 23. Kh1 Bd6 24. Bf4 Qe7 25. h3 Bxf4 26. Rxf4 Qe5 27. Qf2 Ne7 28.
Nge2 Rc8 29. Nc3 Nc5 30. Rd1 b4 31. Ncb5 Rd8 32. Qf3 Kf7 33. Rg4 Rd7 34. Qe2 f5
35. Qc4+ Kf6 36. exf5 Nxf5 37. Rf1 Rhd8 38. Nc6 Qd5 39. Qxd5 Rxd5 40. Nxd8 Rxd8
41. Rxb4 Kg5 42. Rg4+ Kh6 43. Re1 Rd2 44. Nc3 Nd3 45. Re2 Rxe2 46. Nxe2 Nf2+
47. Kg1 Nxg4 48. hxg4 Ne3 49. Nc3 a3 50. b4 Nc4 51. b5 Nb6 52. Kf2 Kg5 53. Kf3
Kf6 54. Kf4 g5+ 55. Ke4 Ke6 56. Kd4 Kd6 57. Nb1 Nd5 58. Nxa3 Nb4 59. Nc4+ Kc7
60. a3 Nc2+ 61. Ke4 g6 62. Ke5 Ne1 63. Kf6 Nxg2 64. Kxg5 Ne1 65. Kxg6 1-0

[Event "Tidlig Kort Paaske 1"]
[Site "Svendborg"]
[Date "2016.03.21"]
[Round "4"]
[White "Nielsen, Thorkild Borup"]
[Black "Vestby Ellingsen, Mads"]
[Result "1/2-1/2"]
[WhiteElo "2028"]
[BlackElo "1947"]
[PlyCount "41"]
[EventDate "2016.03.19"]
[EventType "swiss"]
[EventRounds "5"]
[EventCountry "DEN"]

1. d4 e6 2. c4 f5 3. Nf3 Nf6 4. g3 Be7 5. Bg2 d6 6. Nc3 O-O 7. O-O Ne4 8. Nxe4
fxe4 9. Nd2 d5 10. f3 exf3 11. Bxf3 c6 12. e4 dxc4 13. Nxc4 Nd7 14. Be3 c5 15.
Qd2 cxd4 16. Bxd4 Bc5 17. Bxc5 Nxc5 18. Qxd8 Rxd8 19. Rad1 Bd7 20. Ne5 Bb5 21.
Rxd8+ 1/2-1/2

[Event "Tidlig Kort Paaske 1"]
[Site "Svendborg"]
[Date "2016.03.21"]
[Round "4"]
[White "Jensen, Jakob"]
[Black "Lund, Gunnar"]
[Result "1-0"]
[WhiteElo "1863"]
[BlackElo "1878"]
[PlyCount "73"]
[EventDate "2016.03.19"]
[EventType "swiss"]
[EventRounds "5"]
[EventCountry "DEN"]

1. d4 Nf6 2. Nf3 e6 3. e3 Be7 4. Bd3 d5 5. Nbd2 Nbd7 6. c3 O-O 7. O-O b6 8. Re1
Bb7 9. h3 Ne4 10. a3 f5 11. Rf1 Kh8 12. Be2 Rg8 13. Ne5 Nxe5 14. dxe5 c5 15.
Kh2 Qc7 16. f4 g5 17. Nxe4 dxe4 18. Bh5 Rg7 19. g4 gxf4 20. exf4 Rd8 21. Qe1
Rd3 22. Be3 Ba6 23. Rg1 c4 24. gxf5 Rxg1 25. Qxg1 exf5 26. Bf7 Qb8 27. e6 Bc5
28. Re1 Bxe3 29. Rxe3 Rxe3 30. Qxe3 Qd6 31. e7 Bb5 32. e8=Q+ Bxe8 33. Bxe8 Kg8
34. Bh5 Kf8 35. Kg3 Ke7 36. Qd4 Qh6 37. Qe5+ 1-0

[Event "Tidlig Kort Paaske 1"]
[Site "Svendborg"]
[Date "2016.03.21"]
[Round "4"]
[White "Nielsen, Aage Sondergaard"]
[Black "Hansen, Erik"]
[Result "1-0"]
[WhiteElo "1938"]
[BlackElo "1813"]
[PlyCount "75"]
[EventDate "2016.03.19"]
[EventType "swiss"]
[EventRounds "5"]
[EventCountry "DEN"]

1. e4 c5 2. Nc3 d6 3. f4 g6 4. Nf3 Bg7 5. Bb5+ Bd7 6. O-O Bxb5 7. Nxb5 a6 8.
Nc3 Nh6 9. d3 O-O 10. Qe2 Nc6 11. Nd1 Qd7 12. c3 Rac8 13. Ne3 e6 14. Bd2 f5 15.
g3 Rce8 16. Rae1 Nf7 17. Qd1 Kh8 18. Qc2 d5 19. e5 Rc8 20. Nd1 Rfd8 21. Nf2 Qe7
22. h3 Bh6 23. h4 b5 24. Kg2 d4 25. Rh1 dxc3 26. bxc3 b4 27. Rc1 a5 28. Be3
Ncxe5 29. Nxe5 Nxe5 30. Kh3 Nf3 31. cxb4 Nd4 32. Bxd4+ Rxd4 33. bxc5 e5 34.
Rhe1 Rd5 35. c6 Qd6 36. Qb2 Rxc6 37. fxe5 Qe6 38. Qb8+ 1-0

[Event "Tidlig Kort Paaske 1"]
[Site "Svendborg"]
[Date "2016.03.21"]
[Round "4"]
[White "Velarde, Andrew"]
[Black "Olsen, Birger"]
[Result "0-1"]
[WhiteElo "1815"]
[BlackElo "1830"]
[PlyCount "90"]
[EventDate "2016.03.19"]
[EventType "swiss"]
[EventRounds "5"]
[EventCountry "DEN"]

1. e3 e5 2. Nc3 Nc6 3. Nf3 Nf6 4. Bc4 h6 5. Bb3 e4 6. Nd4 Nxd4 7. exd4 d5 8. f3
c6 9. d3 exf3 10. Qxf3 Bd6 11. Qe2+ Be6 12. O-O Qc7 13. g3 O-O-O 14. Bf4 Rde8
15. Bxd6 Qxd6 16. Qe5 Qd7 17. Qf4 Nh5 18. Qf3 Nf6 19. Rfe1 h5 20. a4 h4 21. a5
hxg3 22. hxg3 Rh3 23. Kg2 Nh5 24. Kf2 Nxg3 25. Qf4 Reh8 26. Na4 Rh2+ 27. Kg1
Ne2+ 28. Rxe2 Rxe2 29. Nb6+ axb6 30. axb6 Kd8 31. Ra8+ Ke7 32. Rxh8 f6 33. Qb8
Bg8 34. Qg3 Kf7 35. c4 Rxb2 36. Bd1 Rb1 37. Qf3 dxc4 38. Kg2 Qxd4 39. Qh5+ g6
40. Rh7+ Bxh7 41. Qxh7+ Ke6 42. Qg8+ Kf5 43. Qc8+ Kg5 44. Bf3 Rg1+ 45. Kh2 Qf2+
0-1